Quero um dinossáurio (Registo nº 4209)

Detalhes MARC
000 -Etiqueta do registo
Cabeçalho 00797cam a2200289 4500
005 - Identificador da versão
Campo de controlo 20240813122055.0
095 ## -
-- PTBN00806975
010 ## - Número internacional normalizado dos livros (ISBN)
Número (ISBN) 9722109944
021 ## - Número do Depósito Legal
Código do país PT
Número 86906/95
100 ## - Dados gerais de processamento
Dados gerais de processamento 19960417d1995 a y0pory5003 ba
102 ## - Pais de publicação ou produção
País de publicação Portugal
101 1# - Língua de publicação
Língua do texto, banda sonora, etc. Português
Língua do documento no original Inglês
106 ## - Campo de dados codificados: material textual
Dados codificados do material textual r
105 ## - Campo de dados codificados: livros
Dados codificados dos livros a z 000ay
215 ## - Descrição física 
Indicação específica da natureza do documento e extensão da espécie [28] p.
Outras indicações físicas todo il.
Dimensões 24 cm
200 1# - Titulo e menção de responsabilidade
Título próprio Quero um dinossáurio
Primeira menção de responsabilidade Hiawyn Oram
Outras menções de responsabilidade il. Satoshi Kitamura
-- trad. José Oliveira
210 ## - Publicação, Distribuição, etc. 
Lugar da edição, distribuição, etc. Lisboa
Nome do editor, distribuidor, etc. Caminho
Data da publicação, distribuição, etc. 1995
304 ## - Notas relativas a título e menção de responsabilidade 
Texto da nota Tít. orig.: A boy wants a dinosaur
675 ## - Classificação Decimal Universal (CDU)
Notação 087.5
Edição BN
Língua da edição por
702 #1 - Nome de autor-pessoa física (responsabilidade secundária)
Número de registo de entrada de autoridade 0000838
Palavra de ordem Kitamura
Outra parte do nome não tomada para palavra de ordem Satoshi
Código de função Ilustrador / Técnico de desenho computorizado
Número de registo de entrada de autoridade 0000082
ID Autoridade 2
Palavra de ordem Oliveira
Outra parte do nome não tomada para palavra de ordem José
Código de função Tradutor
700 #1 - Nome de autor-pessoa física (responsabilidade principal)
Número de registo de entrada de autoridade 0000865
Palavra de ordem Oram
Outra parte do nome não tomada para palavra de ordem Hiawyn
942 ## - Elementos de entrada adicionados (Koha)
Tipo de item no Koha Livro
Exemplares
Situação do levantamento Origin of item (home branch) (coded) Biblioteca de empréstimo Código de barras Cota Circulation type (not for loan) Tipo de documento Nota do exemplar Damaged status
  Biblioteca Escolar das Vendas Biblioteca Escolar das Vendas BEV121 8EST ORA   Livro Sem mensagem